Top 10 Box Office mondial - Statistiques

Statistiques générales
  • Ce quiz a été pris 127 fois
  • Le résultat moyen est 4 sur 10
Statistiques - réponses
Recettes Réponse % Correct
2,9 milliards Avatar
90%
2,25 milliards Titanic
82%
2,8 milliards Avengers : Endgame
66%
2,3 milliards Avatar : La Voie de l'eau
62%
2,05 milliards Avengers : Infinity War
44%
1,9 milliards Spiderman : No Way Home
23%
2,1 milliards Star Wars épisode VII : Le Réveil de la Force
23%
1,65 milliards Le Roi Lion
12%
1,65 milliards Jurassic World
9%
1,7 milliards Vice Versa 2
6%
Aucun quiz correspondant
Distribution des résultats
% des personnes avec chaque résultat
Percentile par nombre de réponses
Votre historique - résultats
Vous n’avez pas pris ce quiz